Análisis político criminal : bases metodológicas para una política criminal minimalista y democrática /

Guardado en:
Autor Principal: Binder, Alberto M.
Formato: Libro
Idioma:Spanish
Publicado: Buenos Aires : Astrea, 2015.
Edición:1a. ed., 1a. reimp.
Materias:
Etiquetas: Agregar Etiqueta
Sin Etiquetas, Sea el primero en etiquetar este registro!
LEADER 00534nam a22001575a 4500
001 DER.der013831
008 190426s2015####ag############000#0#spa#d
005 20250617171629.0
245 1 0 |a Análisis político criminal :  |b bases metodológicas para una política criminal minimalista y democrática /  |c Alberto Binder. 
250 |a 1a. ed., 1a. reimp. 
260 |a Buenos Aires :  |b Astrea,  |c 2015. 
300 |a 375 p. 
020 |a 9789505089581 
100 1 |a Binder, Alberto M. 
650 7 |a DERECHO PENAL 
859 |a DERECHO  |b BIB. DERECHO  |h 345  |i BIN  |p 008915